00307pab a2200121 454500008004000000100001800040245005900058260000900117300000900126362000900135650002200144773001900166180718b1988 xxu||||| |||| 00| 0 eng d aSridharan, N. aHousing market analysis and its implications for banks c1988 a8-28 aOct. aHousing - Finance aMonthly Review